Aquinas, feminism, and the common good (Record no. 53900)

MARC details
000 -LEADER
fixed length control field 01969nam a2200433 a 4500
001 - CONTROL NUMBER
control field vtls003192767
003 - CONTROL NUMBER IDENTIFIER
control field MY-SjTCS
005 - DATE AND TIME OF LATEST TRANSACTION
control field 20200306165235.0
006 - FIXED-LENGTH DATA ELEMENTS--ADDITIONAL MATERIAL CHARACTERISTICS
fixed length control field m u
007 - PHYSICAL DESCRIPTION FIXED FIELD--GENERAL INFORMATION
fixed length control field cr cn|||||||||
008 - FIXED-LENGTH DATA ELEMENTS--GENERAL INFORMATION
fixed length control field 100712s2004 dcu sb 001 0deng d
010 ## - LIBRARY OF CONGRESS CONTROL NUMBER
Canceled/invalid LC control number 2003-019457
020 ## - INTERNATIONAL STANDARD BOOK NUMBER
Canceled/invalid ISBN 0878403493 (pbk. : alk. paper)
020 ## - INTERNATIONAL STANDARD BOOK NUMBER
Canceled/invalid ISBN 9780878403493
035 ## - SYSTEM CONTROL NUMBER
System control number (CaPaEBR)ebr10236752
039 #9 - LEVEL OF BIBLIOGRAPHIC CONTROL AND CODING DETAIL [OBSOLETE]
-- 201007121636
-- VLOAD
040 ## - CATALOGING SOURCE
Original cataloging agency CaPaEBR
Transcribing agency CaPaEBR
043 ## - GEOGRAPHIC AREA CODE
Geographic area code n-us---
050 14 - LIBRARY OF CONGRESS CALL NUMBER
Classification number B105.P4
Item number D43 2004eb
082 04 - DEWEY DECIMAL CLASSIFICATION NUMBER
Classification number 230/.2/082
Edition number 22
100 1# - MAIN ENTRY--PERSONAL NAME
Personal name DeCrane, Susanne M.
Fuller form of name (Susanne Marie),
Dates associated with a name 1949-
9 (RLIN) 262349
245 10 - TITLE STATEMENT
Title Aquinas, feminism, and the common good
Medium [electronic resource] /
Statement of responsibility, etc. Susanne M. DeCrane.
260 ## - PUBLICATION, DISTRIBUTION, ETC.
Place of publication, distribution, etc. Washington, D.C. :
Name of publisher, distributor, etc. Georgetown University Press,
Date of publication, distribution, etc. c2004.
300 ## - PHYSICAL DESCRIPTION
Extent xiii, 220 p. ;
Dimensions 22 cm.
490 1# - SERIES STATEMENT
Series statement Moral traditions series
504 ## - BIBLIOGRAPHY, ETC. NOTE
Bibliography, etc. note Includes bibliographical references (p. 197-208) and index.
505 0# - FORMATTED CONTENTS NOTE
Formatted contents note Feminist theological hermeneutics -- The common good in the thought of Thomas Aquinas -- A feminist retrieval of the principle of the common good -- Health care in the United States and the retrieved principle of the common good.
529 ## -
-- TSLHHL
533 ## - REPRODUCTION NOTE
Type of reproduction Electronic reproduction.
Place of reproduction Palo Alto, Calif. :
Agency responsible for reproduction ebrary,
Date of reproduction 2009.
Note about reproduction Available via World Wide Web.
-- Access may be limited to ebrary affiliated libraries.
600 00 - SUBJECT ADDED ENTRY--PERSONAL NAME
Personal name Thomas,
Titles and other words associated with a name Aquinas, Saint,
Dates associated with a name 1225?-1274.
9 (RLIN) 25181
650 #0 - SUBJECT ADDED ENTRY--TOPICAL TERM
Topical term or geographic name entry element Peace (Philosophy)
9 (RLIN) 262350
650 #0 - SUBJECT ADDED ENTRY--TOPICAL TERM
Topical term or geographic name entry element Common good.
9 (RLIN) 27039
650 #0 - SUBJECT ADDED ENTRY--TOPICAL TERM
Topical term or geographic name entry element Women's health services
Geographic subdivision United States.
9 (RLIN) 262351
650 #0 - SUBJECT ADDED ENTRY--TOPICAL TERM
Topical term or geographic name entry element Feminism
General subdivision Religious aspects
-- Christianity.
9 (RLIN) 262352
655 #7 - INDEX TERM--GENRE/FORM
Genre/form data or focus term Electronic books.
Source of term local
9 (RLIN) 201578
710 2# - ADDED ENTRY--CORPORATE NAME
Corporate name or jurisdiction name as entry element ebrary, Inc.
9 (RLIN) 25628
830 #0 - SERIES ADDED ENTRY--UNIFORM TITLE
Uniform title Moral traditions series.
9 (RLIN) 262353
856 40 - ELECTRONIC LOCATION AND ACCESS
Uniform Resource Identifier https://ezproxy.taylors.edu.my/login?url=http://site.ebrary.com/lib/taylorscollege/Doc?id=10236752
Public note An electronic book accessible through the World Wide Web; click to view
Holdings
Withdrawn status Lost status Damaged status Not for loan Home library Current library Date acquired Total Checkouts Date last seen Price effective from Koha item type
      e-book Taylor's Library-TU Taylor's Library-TU 07/02/2020   07/02/2020 07/02/2020 E-Book